Mkuu Mbona hivi/ (Record no. 32016)

000 -LEADER
fixed length control field 00383nam a22001337a 4500
008 - FIXED-LENGTH DATA ELEMENTS--GENERAL INFORMATION
fixed length control field 240520b |||||||| |||| 00| 0 eng d
020 ## - INTERNATIONAL STANDARD BOOK NUMBER
International Standard Book Number 9780195747331
050 ## - LIBRARY OF CONGRESS CALL NUMBER
Classification number PL 8701 .N95 2019
100 ## - MAIN ENTRY--PERSONAL NAME
Personal name Nzioki,Shullam.
245 ## - TITLE STATEMENT
Title Mkuu Mbona hivi/
260 ## - PUBLICATION, DISTRIBUTION, ETC. (IMPRINT)
Place of publication, distribution, etc. Nairobi-Kenya:
Name of publisher, distributor, etc. Oxford,
Date of publication, distribution, etc. c2019.
300 ## - PHYSICAL DESCRIPTION
Extent 140p.;
Dimensions 20cm
942 ## - ADDED ENTRY ELEMENTS (KOHA)
Source of classification or shelving scheme
Koha item type Africana (Books)
Classification part PL 8701 .N95 2019
Holdings
Withdrawn status Lost status Source of classification or shelving scheme Damaged status Not for loan Home library Current library Shelving location Date acquired Source of acquisition Cost, normal purchase price Total Checkouts Full call number Barcode Date last seen Date last checked out Price effective from Koha item type
          MACHAKOS UNIVERSITY LIBRARY MACHAKOS UNIVERSITY LIBRARY Africana 02/05/2024 Corporate Campus(E.A)ltd 780.00 1 PL 8701 .N95 2019 39842 08/04/2025 08/04/2025 20/05/2024 Africana (Books)
          MACHAKOS UNIVERSITY LIBRARY MACHAKOS UNIVERSITY LIBRARY Africana 02/05/2024 Corporate Campus(E.A)ltd 780.00   PL 8701 .N95 2019 39841 02/05/2024   20/05/2024 Africana (Books)
© Machakos University Library, Along The Highway, Machakos Wote Rd, Machakos, Kenya P.O. Box 136 - 90100 Machakos - Kenya

Tel: ( +254 ) 723 805829 OR Fax : 044-20353 OR Email: library@mksu.ac.ke